[Event "Elit(Manhem-Eksjo)"]
[Site "?"]
[Date "2016.10.15"]
[Round "2"]
[White "Rasmussen, Allan Stig"]
[Black "Al Hadarani, Hatim"]
[Result "0-1"]
[WhiteElo "2522"]
[BlackElo "2247"]
[PlyCount "66"]

1. d4 Nf6 2. c4 d6 3. Nf3 c5 4. d5 e6 5. Nc3 exd5 6. cxd5 g6 7. Bf4 Bg7 8. Qa4+
Bd7 9. Qb3 Qc7 10. e4 O-O 11. Nd2 Nh5 12. Be3 f5 13. exf5 gxf5 14. Be2 f4 15.
Bxc5 f3 16. Nce4 fxe2 17. Bxd6 Qb6 18. Bxf8 Qxb3 19. axb3 Kxf8 20. Nc4 Na6 21.
Kxe2 Nf4+ 22. Kf3 Nxd5 23. Rhd1 Nab4 24. Nc5 Bc8 25. Rd2 b6 26. Nd3 Nc6 27. Nc1
Nd4+ 28. Ke4 Bb7 29. Nd6 Bc6 30. Ra3 Nb4+ 31. Ke3 Nbc2+ 32. Kd3 Nxa3 33. bxa3
Rd8 0-1

[Event "Elit(Manhem-Eksjo)"]
[Site "?"]
[Date "2016.10.15"]
[Round "2"]
[White "Akesson, Joel"]
[Black "Carlsson, Pontus"]
[Result "0-1"]
[WhiteElo "2294"]
[BlackElo "2436"]
[PlyCount "68"]

1. Nf3 Nf6 2. g3 d5 3. Bg2 c6 4. b3 Bg4 5. Bb2 Nbd7 6. c4 e6 7. O-O Bd6 8. d3
O-O 9. Na3 Re8 10. Nc2 a5 11. a3 Bh5 12. Ne3 b5 13. cxb5 cxb5 14. Rc1 Bxf3 15.
Bxf3 Qe7 16. Nc2 Nc5 17. b4 Na4 18. Rb1 Nxb2 19. Rxb2 axb4 20. axb4 Rec8 21.
Qb1 h5 22. Ra2 Rxa2 23. Qxa2 Bxb4 24. Rb1 Bd6 25. Rxb5 h4 26. Bg2 Qc7 27. Ne3
hxg3 28. hxg3 Qc1+ 29. Nf1 Rc2 30. Qa8+ Kh7 31. Qd8 Bc5 32. Bf3 Qe1 33. Rxc5
Rxc5 34. Qe7 Rc1 0-1

[Event "Elit(Manhem-Eksjo)"]
[Site "?"]
[Date "2016.10.15"]
[Round "2"]
[White "Bejtovic, Jasmin"]
[Black "Moberg, Karl Johan"]
[Result "1/2-1/2"]
[WhiteElo "2370"]
[BlackElo "2285"]
[PlyCount "90"]

1. Nf3 Nf6 2. g3 g6 3. Bg2 Bg7 4. O-O d5 5. d3 O-O 6. Nbd2 c5 7. e4 Nc6 8. Re1
b6 9. a3 Bb7 10. e5 Ng4 11. e6 f5 12. Nf1 Qc8 13. h3 Nf6 14. Qe2 a5 15. N1h2 b5
16. g4 Ra6 17. c4 bxc4 18. dxc4 Nd8 19. gxf5 gxf5 20. Qd3 Rxe6 21. cxd5 Bxd5
22. Bd2 c4 23. Qc2 Nc6 24. Bc3 Rxe1+ 25. Rxe1 e6 26. Nf1 Ne4 27. Bxg7 Kxg7 28.
Ne3 Ne7 29. Ne5 Ng6 30. N5xc4 Nf4 31. Nxd5 exd5 32. Ne3 Qxc2 33. Nxc2 Rb8 34.
b4 axb4 35. axb4 Nd3 36. Rb1 Ndxf2 37. Ne3 Kf6 38. Nxd5+ Ke5 39. Ne3 Nd3 40. b5
Nc3 41. Rf1 Rxb5 42. Rxf5+ Ke6 43. Rxb5 Nxb5 44. Bf1 Nf4 45. Bxb5 Nxh3+ 1/2-1/2

[Event "Elit(Manhem-Eksjo)"]
[Site "?"]
[Date "2016.10.15"]
[Round "2"]
[White "Outgajjouft, Said"]
[Black "Malesevic, Nedeljko"]
[Result "0-1"]
[WhiteElo "2078"]
[BlackElo "2253"]
[PlyCount "94"]

1. e4 c6 2. d4 d5 3. e5 Bf5 4. Nc3 Qb6 5. Na4 Qa5+ 6. c3 e6 7. Be3 Nd7 8. f4 b5
9. Nc5 Bxc5 10. dxc5 b4 11. cxb4 Qxb4+ 12. Qd2 Rb8 13. Qxb4 Rxb4 14. O-O-O f6
15. Rd4 Rxd4 16. Bxd4 fxe5 17. fxe5 Ne7 18. Nf3 O-O 19. b4 Bg4 20. Be2 Rf4 21.
Bc3 Ng6 22. Re1 Re4 23. h3 Nf4 24. Kd2 Nxe2 25. Rxe2 Bxf3 26. gxf3 Rh4 27. Rh2
d4 28. Ba1 Nxe5 29. Re2 Nxf3+ 30. Kd3 Rxh3 31. Bxd4 Nxd4+ 32. Kxd4 Kf7 33. b5
cxb5 34. c6 Ke7 35. Kc5 Rh5+ 36. Kb4 Kd6 37. Rc2 Kc7 38. Ka5 Rf5 39. a3 h5 40.
Re2 Kxc6 41. Rxe6+ Kc5 42. Rg6 h4 43. Rxg7 Rh5 44. Rxa7 h3 45. Rc7+ Kd4 46. Rc1
h2 47. Rh1 Kc3 0-1

[Event "Elit(Manhem-Eksjo)"]
[Site "?"]
[Date "2016.10.15"]
[Round "2"]
[White "Vernersson, Per"]
[Black "Berggren Torell, Harald"]
[Result "1-0"]
[WhiteElo "2290"]
[BlackElo "2128"]
[PlyCount "55"]

1. Nf3 e6 2. c4 Nf6 3. d4 c5 4. d5 exd5 5. cxd5 d6 6. Nc3 g6 7. e4 Bg7 8. h3
O-O 9. Bd3 a6 10. a4 Nh5 11. O-O Re8 12. Bg5 Bf6 13. Bh6 Nd7 14. Re1 Ne5 15.
Be2 Nxf3+ 16. Bxf3 Ng7 17. Bf4 Be5 18. Qd2 Bd7 19. a5 Bxf4 20. Qxf4 Re5 21. Be2
Qf8 22. Qd2 g5 23. Rf1 Qe7 24. f4 gxf4 25. Rxf4 Qg5 26. Kh2 f5 27. exf5 Nxf5
28. Rg4 1-0

[Event "Elit(Manhem-Eksjo)"]
[Site "?"]
[Date "2016.10.15"]
[Round "2"]
[White "Storme, Isak"]
[Black "Thornert, Hakan"]
[Result "1-0"]
[WhiteElo "2154"]
[BlackElo "2242"]
[PlyCount "85"]

1. e4 c5 2. Nf3 d6 3. Bb5+ Bd7 4. Bxd7+ Qxd7 5. c4 Nf6 6. Nc3 g6 7. O-O Bg7 8.
d4 cxd4 9. Qxd4 Nc6 10. Qd3 O-O 11. h3 Rfc8 12. Be3 Nb4 13. Qe2 Qe6 14. a3 Na6
15. Nd2 Nc5 16. Bd4 Bh6 17. f4 Nh5 18. f5 Qd7 19. Nd5 e6 20. Qxh5 gxh5 21. Nf6+
Kf8 22. Nxd7+ Nxd7 23. fxe6 Bxd2 24. Rxf7+ Ke8 25. Rxd7 Rxc4 26. Rxh7 Rxd4 27.
Rh8+ Ke7 28. Rxa8 Rxe4 29. Rh8 h4 30. Rh7+ Kxe6 31. Rxb7 Be3+ 32. Kf1 d5 33.
Rb8 Kd6 34. Rg8 Bd4 35. Rd8+ Kc7 36. Rxd5 Bxb2 37. Ra2 Kc6 38. Rf5 Bg7 39. Rf7
Bd4 40. Re2 Rxe2 41. Kxe2 Kb5 42. Rf4 Bc5 43. a4+ 1-0

[Event "Elit(LASK-Rockaden,Umea)"]
[Site "?"]
[Date "2016.10.15"]
[Round "2"]
[White "Petrov, Marijan"]
[Black "Tikkanen, Hans"]
[Result "1-0"]
[WhiteElo "2469"]
[BlackElo "2534"]
[PlyCount "101"]

1. e4 e6 2. Qe2 g6 3. Nf3 Bg7 4. g3 Ne7 5. Bg2 d5 6. e5 c5 7. O-O Nec6 8. c3 b6
9. Re1 Ba6 10. d3 Nd7 11. Bf4 h6 12. h4 Qc7 13. Qd2 b5 14. Na3 c4 15. d4 O-O-O
16. b3 Nb6 17. Reb1 Bf8 18. Nc2 Bb7 19. Ne3 h5 20. Bg5 Be7 21. a4 Na5 22. Bxe7
Qxe7 23. bxc4 bxc4 24. Qc2 Bc6 25. Nd2 Kc7 26. Qb2 Bd7 27. Nc2 Ra8 28. Na3 Bxa4
29. Nb5+ Kd7 30. Nd6 Nb3 31. Ra3 Rhb8 32. Nxb3 Bxb3 33. Rba1 Nc8 34. Ra6 Rb6
35. Rxb6 Nxb6 36. Ra6 Kd8 37. Qa3 Qc7 38. Nb5 Qe7 39. Qa5 Qb7 40. Bh3 Kd7 41.
Nd6 Qc7 42. Nxf7 Bc2 43. Nd6 Bf5 44. Bxf5 gxf5 45. Nb5 Qb7 46. Nxa7 Ke8 47.
Rxb6 Rxa7 48. Qb5+ Qd7 49. Rxe6+ Kf7 50. Rf6+ Kg7 51. Qxd7+ 1-0

[Event "Elit(LASK-Rockaden,Umea)"]
[Site "?"]
[Date "2016.10.15"]
[Round "2"]
[White "Tari, Aryan"]
[Black "Eriksson, Jorgen"]
[Result "1-0"]
[WhiteElo "2570"]
[BlackElo "2228"]
[PlyCount "77"]

1. e4 c5 2. Nf3 g6 3. c4 Nc6 4. d4 cxd4 5. Nxd4 Nf6 6. Nc3 d6 7. Be2 Nxd4 8.
Qxd4 Bg7 9. Be3 O-O 10. Qd2 a5 11. O-O a4 12. Bd4 Qa5 13. Rad1 Be6 14. f4 Rfc8
15. b3 axb3 16. axb3 Qb4 17. f5 Bd7 18. Bxf6 Bxf6 19. Nd5 Qxd2 20. Nxf6+ exf6
21. Rxd2 Bc6 22. fxg6 hxg6 23. Rxf6 Ra1+ 24. Rf1 Rxf1+ 25. Kxf1 Bxe4 26. Rxd6
Rc5 27. g4 Kg7 28. Kf2 Rc7 29. b4 f5 30. g5 Re7 31. c5 Rc7 32. h4 Kh7 33. Bc4
Kg7 34. Kg3 Re7 35. Bb5 Kf7 36. Rd7 Rxd7 37. Bxd7 Ke7 38. Bb5 Bd5 39. Kf4 1-0

[Event "Elit(LASK-Rockaden,Umea)"]
[Site "?"]
[Date "2016.10.15"]
[Round "2"]
[White "Wickstrom, Lucas"]
[Black "Ahlander, Bjorn"]
[Result "1/2-1/2"]
[WhiteElo "2374"]
[BlackElo "2407"]
[PlyCount "47"]

1. d4 Nf6 2. c4 e6 3. Nf3 d5 4. Nc3 Be7 5. Bf4 O-O 6. e3 b6 7. Bd3 Bb7 8. cxd5
Nxd5 9. Nxd5 Qxd5 10. Bxc7 Qa5+ 11. Kf1 Na6 12. Bg3 Nb4 13. Bb1 Rac8 14. h3 Nd5
15. Kg1 Nf6 16. Kh2 Ne4 17. Ne5 Nxg3 18. Kxg3 f6 19. Qh5 g6 20. Bxg6 hxg6 21.
Qxg6+ Kh8 22. Qh5+ Kg7 23. Qg4+ Kh7 24. Qg6+ 1/2-1/2

[Event "Elit(LASK-Rockaden,Umea)"]
[Site "?"]
[Date "2016.10.15"]
[Round "2"]
[White "Smith, Axel"]
[Black "Larsson, Johan"]
[Result "1-0"]
[WhiteElo "2516"]
[BlackElo "2176"]
[PlyCount "97"]

1. c4 e5 2. Nc3 Bb4 3. Nd5 Bc5 4. Nf3 c6 5. Nc3 d6 6. e3 Qe7 7. d4 exd4 8. Nxd4
Nf6 9. Be2 O-O 10. O-O a5 11. b3 Na6 12. Bb2 Nc7 13. Qc2 Ng4 14. Nf5 Qg5 15.
Bxg4 Qxg4 16. Ne7+ Kh8 17. Nxc8 Rfxc8 18. Rad1 Re8 19. h3 Qh5 20. Ne2 Qg6 21.
Qxg6 hxg6 22. Nc3 Re6 23. Rd3 Kg8 24. Rfd1 Kf8 25. Na4 f6 26. Nxc5 dxc5 27. a4
b6 28. Kf1 Rc8 29. Ke2 Ree8 30. h4 Ne6 31. Rd6 Kf7 32. g3 Red8 33. Rd7+ Ke8 34.
Rb7 Rxd1 35. Kxd1 b5 36. cxb5 cxb5 37. Rxb5 c4 38. bxc4 Rxc4 39. Rxa5 Nc5 40.
Ra8+ Kd7 41. Ra7+ Ke6 42. Kd2 Ne4+ 43. Kd3 Rb4 44. Ba3 Nxf2+ 45. Ke2 Rb3 46.
Kxf2 Rxa3 47. Kf3 Ra1 48. Rxg7 Rxa4 49. Rxg6 1-0

[Event "Elit(LASK-Rockaden,Umea)"]
[Site "?"]
[Date "2016.10.15"]
[Round "2"]
[White "Malmstig, Erik"]
[Black "Olsson, Linus"]
[Result "1-0"]
[WhiteElo "2295"]
[BlackElo "2286"]
[PlyCount "161"]

1. d4 Nf6 2. c4 e5 3. dxe5 Ne4 4. a3 b6 5. Nf3 Bb7 6. e3 g6 7. Bd3 Bg7 8. b4 d6
9. Qc2 Ng5 10. Nxg5 Qxg5 11. Be4 c6 12. O-O dxe5 13. f4 exf4 14. Bb2 Bxb2 15.
Qxb2 O-O 16. exf4 Qe7 17. Nc3 f5 18. Bf3 Re8 19. Rae1 Qxe1 20. Rxe1 Rxe1+ 21.
Kf2 Re7 22. b5 cxb5 23. Nd5 Rf7 24. Nf6+ Kf8 25. Qb4+ Kg7 26. Ne8+ Kg8 27. Nd6
Bxf3 28. Nxf7 Kxf7 29. gxf3 Na6 30. Qd2 Re8 31. Qd5+ Kf8 32. cxb5 Nc5 33. Qd4
Kg8 34. h4 h5 35. Qf6 Re6 36. Qd8+ Kf7 37. Qd5 Kf6 38. a4 Kf7 39. a5 Kf6 40.
Qd8+ Kf7 41. Qb8 Re7 42. axb6 axb6 43. Qxb6 Nb7 44. Qd4 Re6 45. Qd5 Nd6 46. b6
Kf6 47. b7 Nxb7 48. Qxb7 Re7 49. Qb2+ Kf7 50. Qh8 Re8 51. Qh7+ Kf6 52. Kg3 Re6
53. Kg2 Re8 54. Kf1 Re6 55. Qg8 Ke7 56. Qg7+ Kd6 57. Qf7 Kd5 58. Qg8 Kd6 59.
Qd8+ Kc6 60. Kf2 Rd6 61. Qc8+ Kb6 62. Ke3 Rc6 63. Qd8+ Kc5 64. Qd4+ Kb5 65.
Qd5+ Kb6 66. Kd4 Kc7 67. Qf7+ Kb6 68. Qd7 Rc1 69. Qd6+ Rc6 70. Qb8+ Ka6 71. Kd5
Rb6 72. Qc8+ Ka7 73. Qc7+ Ka6 74. Kc5 Rb5+ 75. Kc6 Rb1 76. Qc8+ Ka7 77. Qd7+
Ka8 78. Qd8+ Ka7 79. Qe7+ Ka8 80. Qe8+ Ka7 81. Qf7+ 1-0

[Event "Elit(LASK-Rockaden,Umea)"]
[Site "?"]
[Date "2016.10.15"]
[Round "2"]
[White "Semcesen, Daniel"]
[Black "Hellstrom, Magnus"]
[Result "1-0"]
[WhiteElo "2457"]
[BlackElo "2073"]
[PlyCount "65"]

1. d4 Nf6 2. c4 c5 3. d5 e6 4. Nc3 exd5 5. cxd5 d6 6. e4 g6 7. Nge2 Bg7 8. Ng3
O-O 9. Be2 Na6 10. O-O Nc7 11. Bg5 h6 12. Be3 Rb8 13. Qd2 Kh7 14. f4 Nd7 15.
Rad1 b5 16. e5 dxe5 17. f5 b4 18. Nce4 Nb5 19. Nxc5 Nxc5 20. Bxc5 Nd6 21. Kh1
Nxf5 22. Nxf5 Bxf5 23. Bxf8 Bxf8 24. Qe3 Bd6 25. g4 Qb6 26. Qf3 Bc2 27. Qxf7+
Kh8 28. Rd3 Rf8 29. Qxg6 Rxf1+ 30. Bxf1 Qf2 31. Qxh6+ Kg8 32. Qg6+ Kf8 33.
Qxd6+ 1-0

[Event "Elit(LASK-Rockaden,Umea)"]
[Site "?"]
[Date "2016.10.15"]
[Round "2"]
[White "Johansson, David"]
[Black "Jogstad, Martin"]
[Result "1/2-1/2"]
[WhiteElo "2106"]
[BlackElo "2271"]
[PlyCount "78"]

1. e4 e6 2. d4 d5 3. Nc3 Bb4 4. e5 c5 5. a3 Bxc3+ 6. bxc3 Ne7 7. Qg4 Qc7 8.
Qxg7 Rg8 9. Qxh7 cxd4 10. Ne2 Nbc6 11. f4 dxc3 12. Qd3 d4 13. h4 b6 14. Nxd4
Nxd4 15. Qxd4 Bb7 16. Rh3 Rc8 17. Qf2 Qc6 18. h5 Nf5 19. Be3 Ke7 20. Rd1 Qa4
21. h6 Rg6 22. h7 Rh8 23. Bc5+ Ke8 24. Bxb6 axb6 25. Qxb6 Qe4+ 26. Be2 Bd5 27.
Qb8+ Kd7 28. Qb7+ Ke8 29. Qc8+ Ke7 30. Qxh8 Rxg2 31. Qf6+ Kd7 32. Rxd5+ exd5
33. Qxf7+ Ne7 34. Qh5 Rg1+ 35. Kf2 Qg2+ 36. Ke3 Qe4+ 37. Kf2 Qg2+ 38. Ke3 Qe4+
39. Kf2 Qg2+ 1/2-1/2

[Event "Elit(LASK-Rockaden,Umea)"]
[Site "?"]
[Date "2016.10.15"]
[Round "2"]
[White "Mauritsson, Sebastian"]
[Black "Mardell, Jimmy"]
[Result "1-0"]
[WhiteElo "2312"]
[BlackElo "2146"]
[PlyCount "51"]

1. e4 c5 2. Nf3 d6 3. d4 cxd4 4. Nxd4 Nf6 5. Nc3 g6 6. Be3 Bg7 7. f3 O-O 8. Qd2
Nc6 9. Bc4 Bd7 10. O-O-O Rb8 11. Kb1 b5 12. Ndxb5 Qa5 13. Nd4 Rfc8 14. Bb3 Ne5
15. g4 Nc4 16. Bxc4 Rxc4 17. Nb3 Qd8 18. Bxa7 Rb7 19. Bd4 Be6 20. g5 Nd7 21.
Bxg7 Kxg7 22. h4 Nc5 23. h5 Na4 24. Nxa4 Rxa4 25. hxg6 fxg6 26. Qc3+ 1-0

[Event "Elit(Rockaden,Sthlm-Kungstornet)"]
[Site "?"]
[Date "2016.10.15"]
[Round "2"]
[White "Lyrberg, Patrik"]
[Black "Wiedenkeller, Michael"]
[Result "0-1"]
[WhiteElo "2460"]
[BlackElo "2458"]
[PlyCount "82"]

1. e4 e6 2. Nf3 d5 3. Nc3 Nf6 4. Qe2 Nxe4 5. Nxe4 dxe4 6. Qxe4 Qd5 7. d3 Nd7 8.
Bf4 Nf6 9. Qxd5 Nxd5 10. Bg3 Bd6 11. c4 Bxg3 12. hxg3 Nb4 13. Kd2 c5 14. Be2
Bd7 15. a3 Nc6 16. b4 b6 17. Rab1 Ke7 18. bxc5 bxc5 19. Rb5 Rab8 20. Ke3 Rxb5
21. cxb5 Nd4 22. a4 Nf5+ 23. Kd2 f6 24. g4 Nd4 25. Nxd4 cxd4 26. Bf3 Kd6 27.
Rb1 Rb8 28. Be4 h6 29. f4 Rb6 30. Rc1 a6 31. Rc4 e5 32. fxe5+ fxe5 33. bxa6
Rxa6 34. g5 hxg5 35. Rb4 Bxa4 36. Rb8 Bc6 37. Bxc6 Ra2+ 38. Ke1 Kxc6 39. Kf1
Rd2 40. Rb3 g4 41. g3 Kc5 0-1

[Event "Elit(Rockaden,Sthlm-Kungstornet)"]
[Site "?"]
[Date "2016.10.15"]
[Round "2"]
[White "Blomqvist, Erik"]
[Black "von Bahr, Oskar"]
[Result "1-0"]
[WhiteElo "2545"]
[BlackElo "2362"]
[PlyCount "73"]
[EventDate "2016.??.??"]
[WhiteTeam "SK Rockaden, Sthlm"]
[BlackTeam "Kungstornet"]

1. Nf3 d5 2. d4 Nf6 3. c4 e6 4. g3 Bb4+ 5. Bd2 Be7 6. Bg2 O-O 7. O-O c6 8. Qc2
b6 9. Rd1 Bb7 10. Ne5 Nfd7 11. Nd3 Bf6 12. e3 Qc8 13. Na3 Be7 14. Rac1 dxc4 15.
Nxc4 c5 16. dxc5 Bxg2 17. Kxg2 Qb7+ 18. f3 Nxc5 19. Nxc5 Bxc5 20. b4 Be7 21.
Ne5 a5 22. b5 Ba3 23. Rb1 Rc8 24. Qd3 Bc5 25. e4 f6 26. Nc4 Nd7 27. Bf4 Nf8 28.
Rbc1 e5 29. Be3 Ne6 30. Nd6 Bxd6 31. Qxd6 Nc5 32. Bxc5 bxc5 33. Rxc5 Rxc5 34.
Qxc5 Rc8 35. Qd6 Rc2+ 36. Kg1 h6 37. Qe6+ 1-0

[Event "Elit(Rockaden,Sthlm-Kungstornet)"]
[Site "?"]
[Date "2016.10.15"]
[Round "2"]
[White "Backlund, Anders"]
[Black "Hammer, Jon Ludvig"]
[Result "1/2-1/2"]
[WhiteElo "2314"]
[BlackElo "2651"]
[PlyCount "112"]

1. e4 c6 2. d4 d5 3. e5 Bf5 4. c3 e6 5. Be3 Nd7 6. Nd2 f6 7. f4 Qb6 8. Qb3 g5
9. exf6 g4 10. f7+ Kxf7 11. Ne2 Bd6 12. Nc1 c5 13. Nd3 c4 14. Qxb6 axb6 15.
Ne5+ Ke7 16. a3 Ngf6 17. Bf2 b5 18. Bh4 Ke8 19. Rc1 Rf8 20. Be2 Nb6 21. Bd1 Na4
22. Bxa4 bxa4 23. Bxf6 Rxf6 24. O-O Ke7 25. Rfe1 h5 26. Nf1 Bh7 27. g3 Rg8 28.
Ne3 Bxe5 29. fxe5 Rf3 30. Ng2 Bd3 31. Re3 Rgf8 32. Rxf3 gxf3 33. Nf4 h4 34. Re1
hxg3 35. hxg3 Rh8 36. Nxd3 cxd3 37. Re3 f2+ 38. Kxf2 Rh2+ 39. Ke1 Rxb2 40. Rxd3
Ra2 41. g4 Rxa3 42. Rh3 b5 43. Rh7+ Kf8 44. Kd2 Ra2+ 45. Kc1 Rg2 46. Rb7 a3 47.
Kb1 Rb2+ 48. Kc1 Rf2 49. Kb1 a2+ 50. Ka1 Rc2 51. Rxb5 Rxc3 52. Rb6 Kf7 53. Rb7+
Kf8 54. Rb6 Kf7 55. Rb7+ Kg6 56. Rb6 Kf7 1/2-1/2

[Event "Elit(Rockaden,Sthlm-Kungstornet)"]
[Site "?"]
[Date "2016.10.15"]
[Round "2"]
[White "Hedman, Erik"]
[Black "Aronsson, Marten"]
[Result "1/2-1/2"]
[WhiteElo "2365"]
[BlackElo "2334"]
[PlyCount "72"]

1. d4 d5 2. c4 c6 3. Nf3 Nf6 4. Nc3 dxc4 5. a4 Bf5 6. Ne5 e6 7. f3 Bb4 8. Nxc4
O-O 9. Kf2 Nbd7 10. e4 Bg6 11. Qb3 a5 12. Be3 Qe7 13. Be2 e5 14. dxe5 Nxe5 15.
Rhd1 Nfd7 16. Nxe5 Nxe5 17. Na2 Bc5 18. Bxc5 Qxc5+ 19. Qe3 Qxe3+ 20. Kxe3 Rae8
21. Nc3 f6 22. f4 Nf7 23. g4 h5 24. h3 Re7 25. Rd4 Rfe8 26. Rad1 Kf8 27. Rd7
Bh7 28. Rxe7 Rxe7 29. Kd4 hxg4 30. hxg4 g5 31. f5 Ne5 32. Kc5 Nd7+ 33. Kd6 Ne5
34. Kc5 Nd7+ 35. Kd6 Ne5 36. Kc5 Nd7+ 1/2-1/2

[Event "Elit(Rockaden,Sthlm-Kungstornet)"]
[Site "?"]
[Date "2016.10.15"]
[Round "2"]
[White "Larsson, Anders"]
[Black "Barkhagen, Jonas"]
[Result "1/2-1/2"]
[WhiteElo "2266"]
[BlackElo "2435"]
[PlyCount "99"]

1. d4 d5 2. Nf3 c6 3. c3 Bf5 4. Bf4 e6 5. e3 h6 6. Nbd2 Nf6 7. h3 Nbd7 8. Be2
Be7 9. O-O O-O 10. Qb3 Qb6 11. c4 a5 12. Rfc1 Rfc8 13. Ne5 Qb4 14. Nxd7 Nxd7
15. Qd1 a4 16. b3 a3 17. Nf3 Nf6 18. Ne5 c5 19. Nd3 Bxd3 20. Bxd3 Rd8 21. Qe2
Rac8 22. Rab1 Kf8 23. Bg3 Ne4 24. Bxe4 dxe4 25. Rd1 Bf6 26. dxc5 Qxc5 27. Rxd8+
Rxd8 28. Rd1 Rxd1+ 29. Qxd1 Ke7 30. Qd2 Bb2 31. Qc2 f5 32. Qd2 e5 33. Kf1 g5
34. f3 Qc6 35. Qd5 Qxd5 36. cxd5 Kd6 37. fxe4 fxe4 38. Be1 Kxd5 39. g4 Kc5 40.
Ke2 Kb5 41. Kd1 Kc5 42. Kc2 b5 43. Ba5 b4 44. Bd8 Kd6 45. Bf6 Bc3 46. Bg7 Ke6
47. Bxh6 Kf6 48. Bf8 Kg6 49. Be7 Kh6 50. Kd1 1/2-1/2

[Event "Elit(Rockaden,Sthlm-Kungstornet)"]
[Site "?"]
[Date "2016.10.15"]
[Round "2"]
[White "Berovski, Krum"]
[Black "Henriksson, Johan"]
[Result "0-1"]
[WhiteElo "2329"]
[BlackElo "2274"]
[PlyCount "88"]

1. d4 d5 2. c4 dxc4 3. Nf3 Nf6 4. e3 e6 5. Bxc4 c5 6. O-O cxd4 7. exd4 Be7 8.
Nc3 O-O 9. Bg5 h6 10. Bh4 Nc6 11. Rc1 b6 12. a3 Bb7 13. Ba2 Nd5 14. Bg3 Nxc3
15. Rxc3 Bf6 16. Be5 Nxe5 17. Nxe5 Bxe5 18. dxe5 Qg5 19. Rg3 Qxe5 20. Bb1 Qxb2
21. Qd3 f5 22. Qe3 Qf6 23. Ba2 Bd5 24. Bxd5 exd5 25. Qd3 Rad8 26. f4 d4 27. Rd1
Rfe8 28. Qc4+ Qe6 29. Qa4 d3 30. Qxa7 Re7 31. Qa6 d2 32. Rf3 Qe1+ 33. Rf1 Qe3+
34. Kh1 Rc7 35. h3 Rc1 36. Qa4 Rxd1 37. Rxd1 Kh7 38. Qc2 Qxf4 39. Kg1 Rd4 40.
Qc3 Qe4 41. Kh2 Rd3 42. Qb2 h5 43. Qxb6 Qe5+ 44. Kh1 Re3 0-1

[Event "Elit(Rockaden,Sthlm-Kungstornet)"]
[Site "?"]
[Date "2016.10.15"]
[Round "2"]
[White "Andersson, Fredrik"]
[Black "Engqvist, Thomas"]
[Result "0-1"]
[WhiteElo "2279"]
[BlackElo "2341"]
[PlyCount "104"]

1. d4 Nf6 2. c4 e6 3. Nf3 b6 4. g3 Bb7 5. Bg2 Be7 6. O-O O-O 7. Nc3 Ne4 8. Qc2
Nxc3 9. Qxc3 c5 10. Be3 d6 11. Rfd1 Qc7 12. Rac1 Nd7 13. dxc5 bxc5 14. Bf4 Rfd8
15. Rc2 Nf6 16. Nd2 a5 17. Bxb7 Qxb7 18. Qf3 Qxf3 19. Nxf3 a4 20. Rd3 Kf8 21.
Nd2 Ra6 22. Nb1 Ne8 23. Nc3 Rda8 24. Nb5 Rb6 25. Rcd2 d5 26. Ra3 g5 27. Be5 f6
28. Rf3 Kg7 29. Bc7 Rb7 30. cxd5 Nxc7 31. Nxc7 Rxc7 32. dxe6 Ra6 33. Rd7 Rxd7
34. exd7 Rd6 35. Ra3 Rxd7 36. Rxa4 Rd2 37. b3 Rxe2 38. Ra7 Kf7 39. a4 Rb2 40.
a5 Rxb3 41. a6 Ra3 42. Ra8 Ke6 43. a7 Kd5 44. Kf1 c4 45. Ke2 Ra2+ 46. Kd1 Kd4
47. h4 Kd3 48. Kc1 c3 49. Kb1 Ra6 50. hxg5 c2+ 51. Kb2 Rb6+ 52. Kc1 Ba3# 0-1

[Event "Elit(Rockaden,Sthlm-Kungstornet)"]
[Site "?"]
[Date "2016.10.15"]
[Round "2"]
[White "Kenneskog, Theodor"]
[Black "Wikner, Arvid"]
[Result "1-0"]
[WhiteElo "2331"]
[BlackElo "2239"]
[PlyCount "83"]

1. d4 Nf6 2. c4 g6 3. f3 Bg7 4. e4 d6 5. Nc3 O-O 6. Nge2 c5 7. d5 e6 8. Ng3
exd5 9. cxd5 a6 10. a4 b6 11. Be2 Ra7 12. Bg5 h6 13. Be3 Nbd7 14. Qd2 Kh7 15.
O-O Re8 16. Rab1 Nf8 17. b4 N6d7 18. Rfc1 Rc7 19. bxc5 bxc5 20. a5 f5 21. Kh1
fxe4 22. Ncxe4 Ne5 23. Rb6 Nf7 24. Bxa6 Bxa6 25. Rxa6 Rb7 26. Bf4 Rb2 27. Qd1
Qh4 28. Bd2 Be5 29. Bc3 Bxc3 30. Rxc3 Reb8 31. Rc2 R2b7 32. h3 Nd7 33. Kh2 Qf4
34. Qd2 Qe5 35. f4 Qe7 36. Qf2 Nf6 37. Re2 Nxe4 38. Nxe4 Qd8 39. f5 g5 40. Qf3
Rd7 41. Qh5 Nh8 42. Nxc5 1-0

[Event "Elit(Farsta-Malmo)"]
[Site "?"]
[Date "2016.10.15"]
[Round "2"]
[White "Jobava, Baadur"]
[Black "Ernst, Thomas"]
[Result "1-0"]
[WhiteElo "2665"]
[BlackElo "2372"]
[PlyCount "67"]

1. e4 e5 2. Nf3 Nc6 3. Bc4 Bc5 4. c3 Nf6 5. b4 Bb6 6. d3 d6 7. a4 a6 8. Nbd2
O-O 9. O-O Ne7 10. Ba2 c6 11. Nc4 Bc7 12. Bg5 Ng6 13. Ne3 h6 14. Bxf6 Qxf6 15.
g3 Bh3 16. Re1 Be6 17. Kg2 Rae8 18. a5 Qd8 19. Bxe6 Rxe6 20. Qc2 Rfe8 21. c4
Bb8 22. b5 Ba7 23. b6 Bb8 24. Nf5 Kh7 25. d4 d5 26. exd5 cxd5 27. dxe5 Rc6 28.
c5 Qd7 29. N5d4 Rcc8 30. e6 fxe6 31. Nh4 Qf7 32. Ra3 Re7 33. Rf3 Qe8 34. Rf8
1-0

[Event "Elit(Farsta-Malmo)"]
[Site "?"]
[Date "2016.10.15"]
[Round "2"]
[White "Urkedal, Frode"]
[Black "Meier, Georg"]
[Result "1/2-1/2"]
[WhiteElo "2537"]
[BlackElo "2654"]
[PlyCount "146"]

1. d4 Nf6 2. c4 e6 3. Nf3 d5 4. Nc3 Be7 5. Bf4 O-O 6. e3 Nbd7 7. Be2 dxc4 8.
Bxc4 c5 9. O-O cxd4 10. Qxd4 Nb6 11. Bb3 Qxd4 12. Nxd4 a6 13. Rfd1 Bd7 14. Nf3
Rfc8 15. Rac1 Be8 16. Rc2 Kf8 17. Rdc1 h6 18. h3 Nbd7 19. Nd2 Nb6 20. Bh2 Rc6
21. Nf3 Rc5 22. Be5 Rcc8 23. Bd4 Nfd7 24. Na4 Rxc2 25. Rxc2 Nxa4 26. Bxa4 Nf6
27. Bxe8 Nxe8 28. Ne5 Rd8 29. Kf1 Nd6 30. Ke2 Ke8 31. Rc7 Rc8 32. Rxc8+ Nxc8
33. Kd3 h5 34. f4 f6 35. Nf3 Bd6 36. Nd2 Kd7 37. Ne4 Be7 38. Ng3 g6 39. Ne4 f5
40. Nc5+ Kc6 41. Nxe6 Kd5 42. Nc7+ Kc6 43. Be5 Bd6 44. Ne6 Kd5 45. Bxd6 Kxe6
46. Bc5 Kd5 47. b4 a5 48. Kc3 a4 49. Kd3 b6 50. Bd4 Nd6 51. Bxb6 Nb5 52. Bd4
Nd6 53. Bg7 Nb5 54. g4 hxg4 55. hxg4 Nd6 56. Be5 Nb5 57. Bd4 Nd6 58. Bc5 Nb5
59. Bf8 Na3 60. Be7 Nb5 61. Bf8 Na3 62. Bg7 Nb5 63. Bd4 Nd6 64. Bc5 Nb5 65. e4+
fxe4+ 66. Ke3 Nc3 67. f5 gxf5 68. gxf5 Nxa2 69. f6 Ke6 70. b5 Nc3 71. b6 Nd5+
72. Kxe4 Nxb6 73. Bxb6 Kxf6 1/2-1/2

[Event "Elit(Farsta-Malmo)"]
[Site "?"]
[Date "2016.10.15"]
[Round "2"]
[White "Gajic, Mladen"]
[Black "Sammalvuo, Tapani"]
[Result "0-1"]
[WhiteElo "2346"]
[BlackElo "2417"]
[PlyCount "82"]

1. e4 e5 2. Nf3 Nc6 3. Bc4 Bc5 4. c3 Nf6 5. b4 Bb6 6. d3 d6 7. a4 a5 8. b5 Ne7
9. Nbd2 Ng6 10. Nf1 O-O 11. Ng3 c6 12. bxc6 bxc6 13. O-O d5 14. exd5 cxd5 15.
Bb5 Qc7 16. Ba3 Rd8 17. Rc1 e4 18. Nd4 Ne5 19. h3 exd3 20. Bxd3 Nxd3 21. Qxd3
Ba6 22. Nb5 Qf4 23. Be7 Ne4 24. Bxd8 Bxf2+ 25. Rxf2 Qxf2+ 26. Kh2 Rxd8 27. Rf1
Qxg3+ 28. Qxg3 Nxg3 29. Kxg3 Rc8 30. Rd1 Rc5 31. c4 Rxc4 32. Rxd5 g6 33. Rd8+
Kg7 34. Ra8 Bb7 35. Ra7 Bd5 36. Nc7 Bc6 37. Rxa5 Bxg2 38. Ne6+ Kf6 39. Nd8 Rc2
40. Ra7 Bd5 41. Kf4 Rc3 0-1

[Event "Elit(Farsta-Malmo)"]
[Site "?"]
[Date "2016.10.15"]
[Round "2"]
[White "Livner, Anders"]
[Black "Andersson, Ulf"]
[Result "0-1"]
[WhiteElo "2345"]
[BlackElo "2521"]
[PlyCount "68"]

1. c4 c5 2. g3 g6 3. Bg2 Bg7 4. Nc3 Nf6 5. e4 Nc6 6. Nge2 d6 7. O-O O-O 8. d3
a6 9. a4 Rb8 10. h3 Ne8 11. Be3 e5 12. Rb1 Nc7 13. Qd2 b5 14. b3 Nd4 15. Kh2 b4
16. Nd1 Nce6 17. Ng1 Bb7 18. Bh6 Bxh6 19. Qxh6 f5 20. exf5 gxf5 21. Bxb7 Rxb7
22. f4 exf4 23. gxf4 Rf6 24. Qh4 Rg6 25. Qxd8+ Nxd8 26. Ne3 N8c6 27. Nf3 Re7
28. Ng2 Re2 29. Nfh4 Rge6 30. Kh1 Kf7 31. Nf3 Nxf3 32. Rxf3 Nd4 33. Rg3 Rg6 34.
Rxg6 hxg6 0-1

[Event "Elit(Farsta-Malmo)"]
[Site "?"]
[Date "2016.10.15"]
[Round "2"]
[White "Markovic, Miroslav"]
[Black "Lundin, Jan"]
[Result "1-0"]
[WhiteElo "2459"]
[BlackElo "2264"]
[PlyCount "97"]

1. Nf3 d5 2. g3 Nf6 3. Bg2 c6 4. O-O Bg4 5. d3 Nbd7 6. Qe1 e5 7. e4 dxe4 8.
dxe4 Bc5 9. Nbd2 h6 10. Nh4 Qc7 11. a4 O-O 12. Nc4 Rfe8 13. Ne3 Be6 14. Qe2 Bf8
15. b3 Nc5 16. Nef5 a5 17. Re1 Rad8 18. Qf3 Nh7 19. Qg4 Kh8 20. Qe2 Bc8 21. Bb2
Ne6 22. Nf3 f6 23. N3h4 Qf7 24. Bc3 g6 25. Bxa5 gxf5 26. Bxd8 Nd4 27. Qf1 Rxd8
28. c3 Nxb3 29. Rad1 Rxd1 30. Rxd1 fxe4 31. Bxe4 f5 32. Bc2 Be7 33. Bxb3 Qxb3
34. Ng6+ Kg7 35. Nxe7 Be6 36. Rb1 Qxa4 37. Rxb7 Kf6 38. h4 Nf8 39. Qd3 Qa1+ 40.
Kg2 Qa8 41. Rc7 c5+ 42. Kh2 Qa2 43. Qe3 Nd7 44. Ng8+ Kg7 45. Nxh6 f4 46. gxf4
Kxh6 47. f5+ Kh7 48. fxe6 Qxe6 49. Qd3+ 1-0